|
|
|
|
| LEADER |
01335nam a22003498i 4500 |
| 001 |
34336 |
| 003 |
BD-DhAAL |
| 005 |
20211222163641.0 |
| 008 |
190321t2019 flua b 001 0 eng |
| 999 |
|
|
|c 40463
|d 40463
|
| 010 |
|
|
|a 2018013131
|
| 020 |
|
|
|a 9781138571303 (hb : alk. paper)
|
| 040 |
|
|
|a DLC
|b eng
|e rda
|c DLC
|d BD-DhAAL
|
| 042 |
|
|
|a pcc
|
| 050 |
0 |
0 |
|a HD30.38
|b .H36 2018
|
| 082 |
0 |
0 |
|a 658.478
|2 23
|
| 245 |
0 |
0 |
|a Handbook of e-business security /
|c edited by, João Manuel R.S. Tavares [et al. ].
|
| 260 |
|
|
|a Boca Raton, FL :
|b CRC Press, Taylor & Francis Group,
|c c2019
|
| 300 |
|
|
|a xxiii, 398 pages :
|b illustrations ;
|c 24 cm.
|
| 526 |
|
|
|a CSE
|
| 541 |
|
|
|a Parama
|e 34336
|
| 650 |
|
0 |
|a Business enterprises
|x Computer networks
|x Security measures.
|9 30415
|
| 650 |
|
0 |
|a Computer security.
|9 30416
|
| 650 |
|
0 |
|a Computer science.
|9 42504
|
| 700 |
1 |
|
|a Tavares, João Manuel R. S.,
|e editor.
|9 30417
|
| 700 |
1 |
|
|a Mishra, Brojo Kishore
|e editor.
|9 30418
|
| 700 |
1 |
|
|a Kumar, Raghvendra
|e editor.
|9 30419
|
| 700 |
1 |
|
|a Zaman, Noor
|e editor.
|9 30420
|
| 700 |
1 |
|
|a Khari, Manju
|9 30421
|
| 852 |
|
|
|a Ayesha Abed Library
|c General Stacks
|
| 942 |
|
|
|2 ddc
|c BK
|
| 952 |
|
|
|0 0
|1 0
|2 ddc
|4 0
|6 658_478000000000000_HAN
|7 0
|9 65095
|a BRACUL
|b BRACUL
|c GEN
|d 2019-02-26
|e Parama
|g 7100.00
|l 0
|o 658.478 HAN
|p 3010034336
|r 2019-02-26
|t 1
|v 7100.00
|w 2019-02-26
|y BK
|